[Event "It (open)"]
[Site "masterchessopen.com - Bad Wiessee (Germany)"]
[Round "2"]
[White "Kindermann Stefan (AUT)"]
[Black "Gschwendtner Klaus (GER)"]
[Result "1-0"]
[WhiteElo "2526"]
[BlackElo "2139"]

1.d4 Nf6 2.c4 e6 3.g3 c5 4.d5 exd5 5.cxd5 d6 6.Nc3 g6 7.Bg2 Bg7 8.Nf3 O-O
9.O-O Re8 10.Bf4 a6 11.a4 Nh5 12.Bg5 Bf6 13.Bxf6 Nxf6 14.Nd2 Nbd7 15.h3 Rb8
16.a5 b5 17.axb6 Nxb6 18.e4 Bd7 19.f4 Bb5 20.Re1 Qc7 21.Kh2 Rbd8 22.Qc2 Re7
23.Nf3 Nfd7 24.Nxb5 axb5 25.Nd4 Nb8 26.Nxb5 Qd7 27.Ra7 Qe8 28.Rxe7 Qxe7 29.e5
Na6 30.Nxd6 Rxd6 31.Ra1 Nb4 32.exd6 Qxd6 33.Qd2 h5 34.h4 Qf6 35.d6 Nc4 36.Qc3
{#r} 1-0

[Event "Czech League 2010/11 (1st) West"]
[Site "masterchessopen.com - Czech Republic"]
[Round "2"]
[White "Kovar Vojtech (CZE)"]
[Black "Vitak Pavel (CZE)"]
[Result "1-0"]
[WhiteElo "2343"]
[BlackElo "2212"]

1.d4 Nf6 2.c4 c5 3.d5 e6 4.Nc3 exd5 5.cxd5 d6 6.g3 g6 7.Bg2 Bg7 8.Nf3 O-O
9.O-O Re8 10.Nd2 b6 11.a4 Na6 12.Nc4 Bf8 13.Nb5 Nc7 14.Nbxd6 Bxd6 15.Nxd6 Qxd6
16.Bf4 Qd7 17.d6 Ncd5 18.Bxd5 Nxd5 19.Qxd5 Bb7 20.Qd2 Re4 21.f3 Rd4 22.Qc3 Re8
23.e3 Rd5 24.e4 Rd4 25.Rfd1 Rxd1+ 26.Rxd1 Qxa4 27.b3 Qd7 28.Bh6 f5 29.Qf6 fxe4
30.fxe4 Bxe4 31.Re1 Qf7 32.d7 Qxd7 33.Rxe4 Qd1+ 34.Kg2 Qc2+ 35.Kh3 {#r} 1-0

[Event "It (open)"]
[Site "masterchessopen.com - Curitiba (Brazil)"]
[Date "2010.11.20"]
[Round "3"]
[White "Aranha Filho Alvaro Z (BRA)"]
[Black "Rodrigues Tiago Pereira (BRA)"]
[Result "1-0"]
[WhiteElo "2299"]
[BlackElo "2145"]

1.d4 Nf6 2.c4 e6 3.Nf3 c5 4.d5 exd5 5.cxd5 d6 6.Nc3 g6 7.g3 Bg7 8.Bg2 O-O
9.O-O a6 10.a4 Re8 11.Bf4 Nh5 12.Bg5 f6 13.Bd2 f5 14.Ng5 h6 15.Ne6 Bxe6
16.dxe6 Nc6 17.Nd5 Rb8 18.Nf4 Nxf4 19.Bxf4 Bf8 20.e4 Qf6 21.exf5 Qxf5 22.Bxd6
Bxd6 23.Qxd6 Rbd8 24.Qc7 Nd4 25.Qxb7 Rxe6 26.Rae1 Kh8 27.Be4 Qh3 {#r} 1-0

[Event "It (open) \"]
[Site "masterchessopen.com - Philadelphia (USA)"]
[Date "2010.11.26"]
[Round "2"]
[White "Fisher William"]
[Black "Hungaski Robert Andrew (USA)"]
[Result "0-1"]
[WhiteElo "2161"]
[BlackElo "2451"]

1.d4 Nf6 2.c4 e6 3.g3 c5 4.d5 exd5 5.cxd5 d6 6.Nc3 g6 7.Bg2 Bg7 8.Nf3 O-O
9.O-O a6 10.a4 Re8 11.Bf4 Qc7 12.Nd2 Nh5 13.Be3 Nd7 14.Nc4 Ne5 15.Qb3 Nxc4
16.Qxc4 Bd7 17.a5 b5 18.axb6 Qxb6 19.Ra2 Bb5 20.Qb3 Nf6 21.Rfa1 Rxe3 22.Qxb5
axb5 23.Rxa8+ Re8 24.R1a6 Qb7 25.R8a7 Qb8 26.e4 Ng4 27.Bh3 h5 28.Nd1 c4 29.Ra2
b4 30.R7a6 c3 31.bxc3 bxc3 32.Bxg4 hxg4 33.Ne3 Qb1+ 34.Kg2 Qxe4+ 35.Kg1 Qb1+
36.Kg2 Rxe3 37.fxe3 c2 38.Ra8+ Kh7 {#R} 0-1

[Event "Memorial Crespi (open) (b)"]
[Site "masterchessopen.com - Milan (Italy)"]
[Date "2010.12.04"]
[Round "1"]
[White "Olivieri Alessandro (ITA)"]
[Black "Trent Alan M (ENG)"]
[Result "1-0"]
[WhiteElo "1937"]
[BlackElo "1816"]

1.d4 Nf6 2.c4 c5 3.d5 e6 4.Nc3 exd5 5.cxd5 d6 6.g3 g6 7.Bg2 Bg7 8.Nf3 O-O
9.O-O a6 10.a4 Re8 11.Nd2 Qc7 12.Nc4 Bf5 13.Bf4 Bf8 14.f3 Bc8 15.e4 Qd8 16.Qd2
Nh5 17.Be3 Nd7 18.f4 Nb6 19.Nxb6 Qxb6 20.b4 Qxb4 21.a5 Bg7 22.e5 dxe5 23.Rfb1
Qc4 24.Bf1 Qxc3 25.Qxc3 exf4 26.Qxc5 fxe3 27.Ra2 Bf5 28.Rd1 Rac8 29.Qb6 Nf6
30.d6 Bd7 31.Qxb7 Bh6 32.Bxa6 Rc5 33.Be2 Rf5 34.a6 Rf2 35.a7 Bh3 36.a8=Q Rxa8
37.Qxa8+ Kg7 38.d7 {#r} 1-0

[Event "Ch Europe (active)"]
[Site "masterchessopen.com - Warsaw (Poland)"]
[Date "2010.12.18"]
[Round "3"]
[White "Kolosowski Mateusz (POL)"]
[Black "Wojtaszek Radoslaw (POL)"]
[Result "0-1"]
[WhiteElo "2342"]
[BlackElo "2711"]

1.d4 Nf6 2.c4 e6 3.g3 c5 4.d5 d6 5.Nc3 exd5 6.cxd5 g6 7.Bg2 Bg7 8.Nf3 O-O
9.O-O Re8 10.Nd2 b6 11.a4 Ba6 12.Nb5 Nbd7 13.Re1 Bxb5 14.axb5 Qc7 15.e4 a6
16.bxa6 b5 17.Qb3 Qb6 18.Qa2 Ra7 19.Nb3 Nxd5 20.Qa5 Nc7 21.Bf1 Qc6 22.Bf4 Rea8
23.Qd2 Rxa6 24.Rxa6 Rxa6 25.Bg2 Ne5 26.Bxe5 dxe5 27.Qd8+ Bf8 28.Rd1 c4 29.Nd2
Ne6 30.Qf6 Qd6 31.Bf3 Nd4 {#R} 0-1

[Event "It (open)"]
[Site "masterchessopen.com - Tenerife (Spain)"]
[Date "2010.12.21"]
[Round "4"]
[White "Hernandez Leon Alberto (ESP)"]
[Black "Septien Lopez Valeriano (ESP)"]
[Result "1-0"]
[WhiteElo "2287"]
[BlackElo "1887"]

1.d4 Nf6 2.Nf3 c5 3.d5 d6 4.c4 e6 5.Nc3 exd5 6.cxd5 g6 7.g3 Bg7 8.Bg2 O-O
9.O-O Re8 10.Nd2 Na6 11.Nc4 Bf5 12.Bf4 Bf8 13.Nb5 Be4 14.Nbxd6 Bxg2 15.Kxg2
Re7 16.Bg5 Rd7 17.Ne4 Bg7 18.d6 h6 19.Bxf6 Bxf6 20.Qd5 Bg7 21.Ne5 Rc8 22.a3
Nb8 23.Rad1 Nc6 24.Nxd7 Qxd7 25.Nxc5 {#r} 1-0

[Event "Ch India"]
[Site "masterchessopen.com - New Delhi (India)"]
[Date "2010.12.22"]
[Round "13"]
[White "Neelotpal Das (IND)"]
[Black "Karthikeyan P (IND)"]
[Result "1-0"]
[WhiteElo "2454"]
[BlackElo "2398"]

1.d4 Nf6 2.c4 e6 3.g3 c5 4.d5 exd5 5.cxd5 d6 6.Nc3 g6 7.Bg2 Bg7 8.Nf3 O-O
9.O-O Re8 10.Bf4 a6 11.a4 h6 12.Qc1 Kh7 13.h3 Nh5 14.Bd2 Nd7 15.g4 Nhf6 16.Bf4
Qc7 17.Nd2 Ne5 18.b3 Nfd7 19.Bg3 f5 20.gxf5 gxf5 21.Qc2 Nf8 22.f4 Nf7 23.e4
Kh8 24.Nc4 fxe4 25.f5 Bd4+ 26.Kh1 Ne5 27.Rae1 Nxc4 28.bxc4 Qg7 29.Rxe4 Bxf5
30.Rxf5 Qxg3 31.Ne2 Qg7 32.Rg4 Qd7 33.Nxd4 Re1+ 34.Kh2 cxd4 35.Qd2 Qe7 {#r}
1-0

[Event "Ch England (team) 2010/11 (3 div)"]
[Site "masterchessopen.com - England"]
[Date "2011.01.15"]
[Round "3"]
[White "Stille Alexander (ENG)"]
[Black "Smith Graham M (ENG)"]
[Result "1-0"]
[WhiteElo "2089"]
[BlackElo "2069"]

1.d4 Nf6 2.c4 e6 3.g3 c5 4.d5 exd5 5.cxd5 d6 6.Nc3 g6 7.Bg2 Bg7 8.Nf3 O-O
9.O-O Na6 10.e4 Rb8 11.a4 Nb4 12.Nd2 b6 13.Nc4 Ba6 14.Nb5 Ne8 15.Qb3 Qd7
16.Bd2 Bxb5 17.axb5 Qxb5 18.Rxa7 Bd4 19.Be3 Rc8 20.Rb7 Bg7 21.Ra1 {#r} 1-0

[Event "Ch City (open)"]
[Site "masterchessopen.com - Paracin (Serbia)"]
[Date "2011.02.05"]
[Round "7"]
[White "Popovic Djordje (SRB)"]
[Black "Cvetanovic Uros (SRB)"]
[Result "1-0"]
[WhiteElo "2261"]
[BlackElo "2236"]

1.d4 Nf6 2.c4 e6 3.g3 c5 4.d5 exd5 5.cxd5 d6 6.Nc3 g6 7.Bg2 Bg7 8.Nf3 O-O
9.O-O Re8 10.Nd2 Nfd7 11.Nde4 Nf6 12.Bg5 a6 13.a4 Qe7 14.Qc1 Bf5 15.Qf4 Bxe4
16.Nxe4 Nxd5 17.Qxd6 Qe5 18.Rad1 Nb4 19.Nf6+ Bxf6 20.Bxf6 Qxd6 21.Rxd6 N8c6
22.e3 Rac8 23.Rfd1 b5 24.axb5 axb5 25.Bh3 Rc7 26.Bd7 Rb8 27.Kg2 c4 28.g4 h6
29.h4 Rf8 30.h5 Kh7 31.g5 Nb8 32.Bxb5 Nd3 33.Rh1 Rg8 34.hxg6+ Rxg6 35.Rd8 Rxf6
36.gxf6 Rb7 37.Bxc4 Nxb2 38.Rb1 Rb6 {#r} 1-0

[Event "It (open)"]
[Site "masterchessopen.com - Cappelle la Grande (France)"]
[Date "2011.03.02"]
[Round "6"]
[White "Housieaux David (FRA)"]
[Black "Brodsky Michail (UKR)"]
[Result "0-1"]
[WhiteElo "2451"]
[BlackElo "2553"]

1.d4 Nf6 2.c4 e6 3.g3 c5 4.d5 exd5 5.cxd5 d6 6.Nc3 g6 7.Bg2 Bg7 8.Nf3 O-O
9.O-O Re8 10.a4 a6 11.Re1 Nbd7 12.Bf4 Qc7 13.e4 Ng4 14.Rc1 Nde5 15.h3 Nxf3+
16.Bxf3 Ne5 17.Bg2 Bd7 18.Bf1 Qb8 19.Rb1 b5 20.Bd2 b4 21.Na2 f5 22.f4 Nf7
23.Bg2 fxe4 24.Kh2 e3 25.Bxe3 Bf5 26.Rc1 Bxb2 27.Rc4 b3 28.Nc1 Bxc1 29.Rxc1 b2
30.Rb1 Bxb1 31.Qxb1 Qb4 32.Re2 Rab8 33.g4 Qa3 {#R} 0-1

[Event "Tournament (open)"]
[Site "masterchessopen.com - Groningen (Netherlands)"]
[Date "2011.03.23"]
[Round "4"]
[White "Van Foreest Jorden (NED)"]
[Black "Zwanepol Johan (NED)"]
[Result "1-0"]
[WhiteElo "2153"]
[BlackElo "1942"]

1.d4 Nf6 2.c4 e6 3.Nc3 c5 4.d5 exd5 5.cxd5 d6 6.g3 g6 7.Bg2 Bg7 8.Nf3 O-O
9.O-O Na6 10.Nd2 Nc7 11.a4 b6 12.Re1 Rb8 13.e4 Re8 14.h3 Ba6 15.f4 Nh5 16.Kh2
Bd4 17.Qf3 Bb7 18.Nb5 Nxb5 19.axb5 Ra8 20.Nc4 Bxd5 21.Ra4 Bf6 22.Bd2 Bxc4
23.Rxc4 Bxb2 24.Qb3 Bh8 25.Bc3 a6 26.Bxh8 Kxh8 27.bxa6 Rxa6 28.Rcc1 Qc7 29.e5
dxe5 30.Qb5 Rd8 31.Qxa6 exf4 32.Qa1+ Kg8 33.Rcd1 Rxd1 34.Re8# 1-0

[Event "It (open) (seniors)"]
[Site "masterchessopen.com - Bad Woerishofen (Germany)"]
[Date "2011.03.27"]
[Round "5"]
[White "Straub Peter (GER)"]
[Black "Villing Dieter (GER)"]
[Result "0-1"]
[WhiteElo "2108"]
[BlackElo "2223"]

1.d4 Nf6 2.Nf3 e6 3.c4 c5 4.d5 d6 5.g3 g6 6.Bg2 Bg7 7.Nc3 exd5 8.cxd5 O-O
9.O-O Re8 10.Bf4 a6 11.a4 Nh5 12.Bg5 Qb6 13.Qc2 Nd7 14.Nd2 h6 15.Nc4 Qc7
16.Bd2 Ne5 17.Nxe5 Rxe5 18.f4 Re8 19.e4 Bd4+ 20.Kh1 Bg4 21.Rae1 Rab8 22.Ne2
Bg7 23.Bc3 b5 24.Bxg7 Nxg7 25.Nd4 bxa4 26.Nc6 Rb3 27.Ra1 Qb6 28.Rxa4 Rxb2
29.Rxa6 Qb5 {#R} 0-1

[Event "It (open)"]
[Site "masterchessopen.com - Medellin (Colombia)"]
[Round "7"]
[White "Benitez Carlos (COL)"]
[Black "Guerrero Juan Carlos (COL)"]
[Result "0-1"]
[WhiteElo "2159"]
[BlackElo "2245"]

1.d4 Nf6 2.c4 e6 3.Nf3 c5 4.d5 exd5 5.cxd5 d6 6.Nc3 g6 7.g3 Bg7 8.Bg2 O-O
9.Nd2 Nbd7 10.Nc4 Nb6 11.Ne3 Re8 12.a4 Ng4 13.O-O Nxe3 14.Bxe3 Rxe3 15.fxe3
Nc4 16.Rf4 Nxe3 17.Qd3 Ng4 18.Kh1 Bh6 19.Raf1 Bxf4 20.gxf4 Qe7 21.Qg3 Bd7
22.e4 Re8 23.Re1 Nf6 24.Bf3 Kg7 25.e5 Ng8 26.Re2 Nh6 27.Qe1 dxe5 28.Rxe5 Qd8
29.Ne4 Rxe5 30.Qc3 Bg4 31.Kg2 Bxf3+ 32.Kxf3 Qxd5 33.fxe5 Nf5 34.Qxc5 Qd3+
35.Kf4 Nd4 {#R} 0-1

[Event "Ch Slovakia (team) 2010/11 (1 liga) West"]
[Site "masterchessopen.com - Slovakia"]
[Date "2011.04.10"]
[Round "11"]
[White "Michalik Peter (SVK)"]
[Black "Debnar Lubos (SVK)"]
[Result "1-0"]
[WhiteElo "2511"]
[BlackElo "2266"]

1.d4 Nf6 2.c4 e6 3.g3 c5 4.d5 exd5 5.cxd5 d6 6.Nc3 g6 7.Bg2 Bg7 8.Nf3 O-O
9.O-O a6 10.a4 Nbd7 11.h3 Rb8 12.e4 b5 13.axb5 axb5 14.Qd3 c4 15.Qc2 Nc5
16.Nd4 Bd7 17.Be3 Re8 18.Nc6 Bxc6 19.dxc6 Nd3 20.Nxb5 Rxb5 21.Qxc4 {#r} 1-0

[Event "It \"]
[Site "masterchessopen.com - Frydek-Mistek (Czech Republic)"]
[Date "2011.04.21"]
[Round "4"]
[White "Straka Josef Jr (SVK)"]
[Black "Kanovsky David (CZE)"]
[Result "0-1"]
[WhiteElo "2299"]
[BlackElo "2462"]

1.d4 Nf6 2.c4 c5 3.d5 e6 4.Nc3 exd5 5.cxd5 d6 6.Nf3 g6 7.g3 Bg7 8.Bg2 O-O
9.O-O a6 10.a4 Re8 11.h3 Ne4 12.Nxe4 Rxe4 13.Nd2 Rb4 14.Qc2 Nd7 15.Ra2 Qe7
16.Nc4 Ne5 17.Ne3 f5 18.Bd2 Rd4 19.Bc3 Bd7 20.Qb3 b5 21.axb5 Bxb5 22.Qxb5 axb5
23.Rxa8+ Kf7 24.Bxd4 cxd4 25.Nc2 d3 26.exd3 Nxd3 27.Na3 Bd4 28.Nxb5 Bxf2+
29.Kh1 Kg7 30.Ra3 Qe2 31.Nxd6 Bc5 32.Rxd3 Qxd3 33.Nb7 Bd4 34.Kh2 Be5 35.Rf3
Qxd5 36.Ra3 Qd4 37.Na5 f4 38.gxf4 Bxf4+ {#R} 0-1

[Event "It (open)"]
[Site "masterchessopen.com - Gorzow (Poland)"]
[Date "2011.04.22"]
[Round "5"]
[White "Krasenkova Ilena (RUS)"]
[Black "Chomski Maciej (POL)"]
[Result "1-0"]
[WhiteElo "2131"]
[BlackElo "1841"]

1.d4 Nf6 2.c4 e6 3.g3 c5 4.d5 exd5 5.cxd5 d6 6.Nc3 g6 7.Bg2 Bg7 8.Nf3 O-O
9.O-O Re8 10.Nd2 Na6 11.Nc4 Nc7 12.a4 b6 13.Bf4 Bf8 14.Re1 Ba6 15.Na3 Qd7
16.e4 Nh5 17.Bg5 b5 18.axb5 Nxb5 19.Qa4 Qg4 20.Naxb5 Bxb5 21.Nxb5 Qxg5 22.Nc7
Qe5 23.Nxe8 Rxe8 24.b4 cxb4 25.Qxb4 Nf6 26.Rxa7 Nxd5 27.Qc4 Ne7 28.Rd1 Qf6
29.Ra6 Rd8 30.Qc7 Nc8 31.Ra8 {#r} 1-0

[Event "Memorial J.Capablanca (open) (b)"]
[Site "masterchessopen.com - Habana (Cuba)"]
[Date "2011.05.18"]
[Round "7"]
[White "Leon Valdes Jony Wilson (CUB)"]
[Black "Marquez Torres Oscar Luis (CUB)"]
[Result "1-0"]
[WhiteElo "2170"]
[BlackElo "2086"]

1.d4 Nf6 2.c4 e6 3.g3 c5 4.d5 exd5 5.cxd5 d6 6.Nc3 g6 7.Nf3 Bg7 8.Bg2 O-O
9.Nd2 Na6 10.Nc4 Nc7 11.a4 b6 12.Nxd6 Qxd6 13.Bf4 Qd8 14.d6 Ne6 15.Bxa8 Nxf4
16.gxf4 Bh3 17.Bf3 Ne8 18.Qd2 Nxd6 19.O-O-O Bxc3 20.Qxc3 Qe7 21.Qe5 Qxe5
22.fxe5 Nc4 23.Bd5 Nxe5 24.Rd2 Kg7 25.Rg1 Bc8 26.f4 Ng4 27.e4 Re8 28.Re1 Nf6
29.Bc6 Re7 30.Rd8 Ba6 31.e5 Nh5 32.f5 gxf5 33.Rg1+ Kh6 {#r} 1-0

[Event "It (open)"]
[Site "masterchessopen.com - Ratten (Austria)"]
[Date "2011.06.03"]
[Round "3"]
[White "Klocker Benedikt (AUT)"]
[Black "Knoll Hermann (AUT)"]
[Result "1-0"]
[WhiteElo "2231"]
[BlackElo "2364"]

1.d4 Nf6 2.c4 e6 3.g3 c5 4.d5 exd5 5.cxd5 d6 6.Bg2 g6 7.Nc3 Bg7 8.Nf3 O-O
9.O-O Re8 10.Re1 Na6 11.e4 Bg4 12.Bf4 Nh5 13.Bd2 Qd7 14.Qb3 Rab8 15.Nb5 c4
16.Qxc4 Rbc8 17.Qf1 Rc2 18.Bc3 Bxc3 19.bxc3 Nc5 20.Nfd4 Rb2 21.h3 a6 22.Na3
Qa4 23.Nc4 Rxa2 24.Rxa2 Qxa2 25.hxg4 {#r} 1-0

[Event "It (open)"]
[Site "masterchessopen.com - Teplice (Czech Republic)"]
[Date "2011.06.13"]
[Round "3"]
[White "Hausner Ivan (CZE)"]
[Black "Kratochvil Josef (CZE)"]
[Result "1-0"]
[WhiteElo "2407"]
[BlackElo "2233"]

1.d4 Nf6 2.c4 c5 3.d5 e6 4.Nc3 exd5 5.cxd5 d6 6.g3 g6 7.Bg2 Bg7 8.Nf3 O-O
9.O-O Re8 10.Bf4 a6 11.a4 Ne4 12.Nxe4 Rxe4 13.Nd2 Rb4 14.b3 Bxa1 15.Qxa1 Rxf4
16.gxf4 Nd7 17.Ne4 Qe7 18.e3 Rb8 19.Rc1 f5 20.Nd2 Nf6 21.Nc4 b5 22.Na5 Bb7
23.axb5 axb5 24.Nc6 Bxc6 25.dxc6 {#r} 1-0

[Event "Zt"]
[Site "masterchessopen.com - Rio de Janeiro (Brazil)"]
[Date "2011.06.19"]
[Round "2"]
[White "Quintiliano Pinto Renato R (BRA)"]
[Black "Di Berardino Diego Rafael (BRA)"]
[Result "0-1"]
[WhiteElo "2277"]
[BlackElo "2483"]

1.d4 Nf6 2.c4 c5 3.d5 e6 4.Nc3 exd5 5.cxd5 d6 6.Nf3 g6 7.g3 Bg7 8.Bg2 O-O
9.O-O Na6 10.Nd2 Nc7 11.a4 b6 12.Nc4 Ba6 13.Na3 Nfe8 14.Re1 f5 15.e4 Qd7
16.Bh3 Nf6 17.exf5 Bb7 18.Nab5 Nfxd5 19.Nxd5 Nxd5 20.Re6 a6 21.Nxd6 gxf5
22.Nxf5 Rad8 23.Qe2 Nc3 24.bxc3 Qd1+ 25.Qe1 Qf3 {#R} 0-1

[Event "It \"]
[Site "masterchessopen.com - Philadelphia (USA)"]
[Date "2011.07.02"]
[Round "4"]
[White "Amanov Mesgen (TKM)"]
[Black "Van Kooten Luuk (NED)"]
[Result "1-0"]
[WhiteElo "2541"]
[BlackElo "2346"]

1.d4 Nf6 2.c4 e6 3.Nf3 c5 4.d5 exd5 5.cxd5 d6 6.Nc3 g6 7.g3 Bg7 8.Bg2 O-O
9.O-O Re8 10.Nd2 b6 11.a4 Ba6 12.Nb5 Bxb5 13.axb5 Nbd7 14.h3 a5 15.e4 Rc8
16.Ra4 c4 17.Rxc4 Rxc4 18.Nxc4 Nxe4 19.Re1 Ndc5 20.Be3 Qd7 21.Bf1 Qc7 22.Bf4
Bf8 23.Bg2 Qd7 24.Bxe4 Rxe4 25.Rxe4 Nxe4 26.Qe2 Nf6 27.Nxb6 Qxh3 28.Qf3 Qf5
29.Kg2 Qc2 30.b3 Ne4 31.Nc4 a4 32.Ne3 Qb1 33.bxa4 g5 34.Bxg5 Nxg5 35.Qf5 Ne4
36.b6 Qb4 37.Qg4+ Kh8 38.b7 {#r} 1-0

[Event "Ch World (IPCA)"]
[Site "masterchessopen.com - Piestany (Slovakia)"]
[Date "2011.07.05"]
[Round "4"]
[White "Mikheev Stanislav (RUS)"]
[Black "Obodchuk Andrei (RUS)"]
[Result "0-1"]
[WhiteElo "2271"]
[BlackElo "2384"]

1.d4 Nf6 2.c4 e6 3.Nf3 c5 4.d5 exd5 5.cxd5 d6 6.Nc3 g6 7.g3 Bg7 8.Bg2 O-O
9.O-O a6 10.a4 Nbd7 11.Bf4 Qe7 12.Qc1 Ng4 13.h3 Nge5 14.Bg5 f6 15.Bh6 Rb8
16.a5 b5 17.axb6 Bxh6 18.Qxh6 Rxb6 19.Qc1 f5 20.Ra4 Nf6 21.Rd1 Bd7 22.Ra2 Re8
23.Qh6 Nf7 24.Qh4 Rb4 25.g4 fxg4 26.hxg4 Rxg4 27.Qh2 Nh5 28.e3 Ng5 29.Nxg5
Qxg5 30.Rxa6 Rh4 {#R} 0-1

[Event "It \"]
[Site "masterchessopen.com - Barcelona (Spain)"]
[Date "2011.07.13"]
[Round "1"]
[White "Cruz Cristhian (PER)"]
[Black "Duran Reinaldo (VEN)"]
[Result "1-0"]
[WhiteElo "2500"]
[BlackElo "2126"]

1.d4 Nf6 2.c4 c5 3.d5 e6 4.Nc3 d6 5.Nf3 exd5 6.cxd5 g6 7.g3 Bg7 8.Bg2 O-O
9.O-O Na6 10.Nd2 Nc7 11.Nc4 b5 12.Nxd6 Qxd6 13.Bf4 Qb6 14.d6 Ne6 15.Bxa8 Nxf4
16.gxf4 Bh3 17.Bg2 Bxg2 18.Kxg2 Rd8 19.e3 Rxd6 20.Qf3 Re6 21.Rac1 Qa5 22.b3 b4
23.Na4 Ne4 24.Rfd1 Bf6 25.Rc4 Nc3 26.Rxc5 Qa6 27.Rd7 Re7 28.Rc6 Qb5 29.Nxc3
bxc3 30.Rxe7 {#r} 1-0

[Event "It \"]
[Site "masterchessopen.com - Barcelona (Spain)"]
[Date "2011.07.17"]
[Round "5"]
[White "Neffe Axel (GER)"]
[Black "Rojas Keim Luis (CHI)"]
[Result "1-0"]
[WhiteElo "2276"]
[BlackElo "2357"]

1.d4 Nf6 2.c4 e6 3.g3 c5 4.d5 d6 5.Nc3 exd5 6.cxd5 g6 7.Bg2 Bg7 8.Nf3 O-O
9.O-O Re8 10.Nd2 Na6 11.Nc4 Nc7 12.Bf4 Bf8 13.a4 Nh5 14.Qd2 Nxf4 15.Qxf4 b6
16.Rfd1 Ba6 17.Ne4 f5 18.Ncxd6 Bxd6 19.Nxd6 Rxe2 20.Nxf5 gxf5 21.d6 Ne6
22.Qxf5 Qf8 23.Qxf8+ Rxf8 24.Bf1 Nd4 25.b4 Rexf2 26.Bxa6 Rb2 27.Bb7 Rxb4
28.Re1 Rd8 29.Bd5+ Kg7 30.Re7+ Kh6 31.d7 Nf5 32.Re6+ Kg5 33.Rf1 Nd4 34.Re5+
Kh6 35.Rf6+ Kg7 36.Rf7+ Kg6 37.Re8 {#r} 1-0

[Event "It (open)"]
[Site "masterchessopen.com - Satu-Mare (Romania)"]
[Date "2011.07.19"]
[Round "6"]
[White "Veklinec Andrei (ROM)"]
[Black "Florescu Codrut (ROM)"]
[Result "1-0"]
[WhiteElo "2034"]
[BlackElo "2239"]

1.d4 Nf6 2.c4 e6 3.g3 c5 4.d5 exd5 5.cxd5 d6 6.Bg2 g6 7.Nc3 Bg7 8.Nf3 O-O
9.O-O Re8 10.Nh4 Na6 11.e4 b5 12.Nxb5 Nxe4 13.Qa4 Nf6 14.Bf4 Bf8 15.Bg5 Bb7
16.Rae1 Rxe1 17.Rxe1 h6 18.Bxf6 Qxf6 19.Nc3 Nb4 20.Qd1 Qd4 21.Qf3 Nd3 22.Re4
Ne5 23.Qe2 Rc8 24.Rxd4 cxd4 25.Ne4 Rc1+ 26.Bf1 Bc8 27.Qd2 Ra1 28.Kg2 g5
29.Nxg5 hxg5 30.Qxg5+ Kh7 31.Qd8 Bb7 32.Qxf8 Bxd5+ 33.f3 Rxa2 34.Nf5 Bxf3+
35.Kg1 Kg6 36.Nh4+ Kh7 37.Qxd6 {#r} 1-0

[Event "Memorial M.Najdorf (open)"]
[Site "masterchessopen.com - Warsaw (Poland)"]
[Date "2011.07.21"]
[Round "8"]
[White "Leczycki Pawel (POL)"]
[Black "Zakoscielna Kinga (POL)"]
[Result "0-1"]
[WhiteElo "2016"]
[BlackElo "2108"]

1.d4 Nf6 2.c4 c5 3.d5 e6 4.Nc3 exd5 5.cxd5 d6 6.g3 g6 7.Bg2 Bg7 8.Nf3 O-O
9.O-O Na6 10.Bf4 Nc7 11.a4 Re8 12.Qd2 b6 13.Ng5 Nh5 14.Nge4 Nxf4 15.Qxf4 Be5
16.Qh6 Bg7 17.Qf4 Be5 18.Qh6 f5 19.Ng5 Qe7 20.e4 f4 21.Qh4 Rf8 22.Ne2 Ba6
23.gxf4 Bxb2 24.Ra2 Bf6 25.Re1 Bxg5 26.fxg5 Bxe2 27.Raxe2 Qe5 28.Qg4 Rf7
29.Re3 Raf8 30.f3 a6 31.Qg3 Rf4 32.Rb1 Nxd5 33.Reb3 Nc3 34.R1b2 Nxa4 35.Rd2 c4
36.Ra3 {#R} 0-1

[Event "It (open)"]
[Site "masterchessopen.com - Condino (Italy)"]
[Date "2011.07.29"]
[Round "7"]
[White "Nepi Ezio (ITA)"]
[Black "Medves Enrico"]
[Result "0-1"]
[WhiteElo "1961"]
[BlackElo "1593"]

1.d4 c5 2.d5 e6 3.c4 Nf6 4.Nc3 exd5 5.cxd5 d6 6.Nf3 g6 7.g3 Bg7 8.Bg2 O-O
9.O-O Na6 10.Nd2 Nc7 11.Nc4 Nfe8 12.a4 Rb8 13.Bf4 g5 14.Be3 f5 15.f4 g4 16.Bc1
b6 17.e4 Ba6 18.Qd3 Bd4+ 19.Kh1 Nf6 20.Bd2 Qd7 21.b3 fxe4 22.Bxe4 Nxe4 23.Qxe4
Rbe8 24.Qc2 Nxd5 25.Nxd5 Bb7 26.Ne3 Bxe3 27.Bxe3 Bxd5+ 28.Kg1 Rxe3 29.Qd2 Qe6
30.Rfd1 Bxb3 31.Ra3 Re2 {#R} 0-1

[Event "It (open)"]
[Site "masterchessopen.com - Dortmund (Germany)"]
[Round "9"]
[White "Fichtner Ewald (GER)"]
[Black "Andersen Knut (GER)"]
[Result "0-1"]
[WhiteElo "2012"]
[BlackElo "2115"]

1.d4 Nf6 2.c4 e6 3.g3 c5 4.d5 exd5 5.cxd5 d6 6.Nc3 g6 7.Nf3 Bg7 8.Bg2 O-O
9.O-O a6 10.a4 Re8 11.Nd2 Ng4 12.h3 Nh6 13.Nc4 f5 14.a5 Nf7 15.Nb6 Ra7 16.Ra4
Nd7 17.Nxc8 Qxc8 18.e4 b5 19.axb6 Nxb6 20.Ra2 fxe4 21.Nxe4 Qf5 22.g4 Qe5 23.b3
Kf8 24.Rd2 Rae7 25.f4 Qa1 26.Qc2 Bd4+ 27.Kh1 Nxd5 28.Rxd4 Qxd4 29.Bb2 Ne3
30.Qb1 Qd5 31.Re1 Nxg2 32.Bg7+ Kxg7 33.Qa1+ Qd4 {#R} 0-1

[Event "Ch Austria"]
[Site "masterchessopen.com - Linz (Austria)"]
[Round "9"]
[White "Hartl Daniel (AUT)"]
[Black "Titz Heimo (AUT)"]
[Result "0-1"]
[WhiteElo "2272"]
[BlackElo "2202"]

1.d4 Nf6 2.c4 e6 3.g3 c5 4.d5 exd5 5.cxd5 d6 6.Nc3 g6 7.Bg2 Bg7 8.Nf3 O-O
9.O-O a6 10.a4 Nbd7 11.h3 Rb8 12.a5 b5 13.axb6 Nxb6 14.e4 Re8 15.Qc2 Nfd7
16.Nd2 Ne5 17.f4 Nec4 18.Nf3 Nd7 19.Nd1 Rb4 20.Rf2 Qb6 21.Re2 Na5 22.Ra3 Nb3
23.Be3 Nd4 24.Nxd4 Bxd4 25.Kh2 a5 26.Bd2 Ba6 27.Bxb4 axb4 28.Ra1 Bxe2 29.Qxe2
Nf6 30.Ra6 Qd8 31.Qd3 Qe7 32.e5 dxe5 33.d6 Qe6 34.d7 Qxd7 35.Rxf6 Bg1+ {#R}
0-1

[Event "Ch Serbia (juniors) (under 20)"]
[Site "masterchessopen.com - Donji Milanovac (Serbia)"]
[Date "2011.08.01"]
[Round "1"]
[White "Jovanovic Bojan (SRB)"]
[Black "Indjic Aleksandar (SRB)"]
[Result "1-0"]
[WhiteElo "2272"]
[BlackElo "2391"]

1.d4 Nf6 2.c4 c5 3.d5 e6 4.Nc3 exd5 5.cxd5 d6 6.Nf3 g6 7.g3 Bg7 8.Bg2 O-O
9.O-O Re8 10.Nd2 b6 11.a4 Ba6 12.Nb5 Nbd7 13.Re1 Ne5 14.f4 Neg4 15.e4 Bxb5
16.axb5 Qd7 17.h3 Nxe4 18.Rxe4 Bd4+ 19.Rxd4 Ne3 20.Qb3 Nxg2 21.Re4 Qxh3 22.Qf3
Ne1 23.Qf2 Nd3 24.Qe3 Rxe4 25.Nxe4 Nb4 26.Nf6+ Kf8 27.f5 Kg7 28.Qc3 Kf8 29.Bf4
Rd8 30.Rxa7 {#r} 1-0

[Event "It (open) \"]
[Site "masterchessopen.com - Helsingor (Denmark)"]
[Date "2011.08.06"]
[Round "9"]
[White "Andersen Morten (DEN)"]
[Black "Carstensen Jacob (DEN)"]
[Result "1-0"]
[WhiteElo "2168"]
[BlackElo "2372"]

1.d4 Nf6 2.c4 e6 3.g3 c5 4.d5 exd5 5.cxd5 d6 6.Nc3 g6 7.Bg2 Bg7 8.Nf3 O-O
9.O-O Re8 10.Bf4 a6 11.a4 Ne4 12.Nxe4 Rxe4 13.Ra2 Rb4 14.b3 Qb6 15.Nd2 Rxf4
16.gxf4 Nd7 17.Nc4 Qc7 18.a5 Nf6 19.e4 Nh5 20.Qf3 Bh6 21.f5 Nf4 22.fxg6 hxg6
23.e5 dxe5 24.d6 Qd8 25.Nb6 Bf5 26.Nxa8 e4 27.Qg3 Nd3 28.f4 Qxa8 29.Re2 b5
30.axb6 Qd5 31.b7 Qxb7 32.Qxd3 {#r} 1-0